Počítačová podpora údržby zariadení v podniku : Diplomová práca

Guardado en:
Detalles Bibliográficos
Autor principal: Sejna, Milan, 1984- (Autor)
Otros Autores: Hrušková, Erika, 1976- (Orientador)
Formato: Manuscrito Libro
Lenguaje:eslovaco
Publicado: Trnava : STU v Bratislave MTF UVSM, 2011
Materias:
Acceso en línea:VAIS
Etiquetas: Agregar Etiqueta
Sin Etiquetas, Sea el primero en etiquetar este registro!

MARC

LEADER 00000ntm a22000003a 4500
001 stu227453
005 20160719160544.6
008 110617s2011----xo------------------slo-d
040 |a STU  |b slo 
041 0 |a slo 
044 |a xo 
100 1 |a Sejna, Milan,  |d 1984-  |4 aut  |X 25041  |7 A000025041 
242 0 0 |a computer support maintanace of equipments in the enterprise  |y eng 
245 1 |a Počítačová podpora údržby zariadení v podniku :  |b Diplomová práca 
260 |a Trnava :  |b STU v Bratislave MTF UVSM,  |c 2011 
300 |a 65 
650 7 |a reliability  |2 estusub 
650 7 |a počítačové riadenie  |2 stusub 
650 7 |a spoľahlivosť  |2 stusub 
650 7 |a údržba  |2 stusub 
650 7 |a výrobné zariadenia a systémy  |2 stusub 
650 7 |a Production Devices and Systems  |2 estusub 
700 1 |a Hrušková, Erika,  |d 1976-  |4 ths  |u M2000  |U MTF Materiálovotechnologická fakulta  |T MTF Ústav výrobných systémov a aplikovanej mechaniky  |X 2876  |U M2000  |Y 82  |7 A000002876 
856 4 |a info a plný text  |u http://is.stuba.sk/zp/portal_zp.pl?podrobnosti=67415  |3 VAIS 
996 |c M*DP-9770  |l MMSKP  |s P  |a 0  |w stu227453_0001